00866nam a2200241 i 4500001001000000003000900010005001700019007000300036008004100039040003000080082001900110100003900129245006800168264005700236300002700293336002700320337003300347338002700380490005300407500006300460650005300523651004800576000024844DO-SdBNP20250703143952.0ta110207s1984 dr 000 0 spa d aDO-SdBNPbspacBNPHUerda 4axxxbC951p222 aCross Beras, Julio A.eautor4aut.13aEl pensamiento político de Ulises Heureaux /cJulio A. Cross. 1aSanto Domingo :bMuseo del Hombre Dominicano,c1984. a19 páginas ;c24 cm. atextobtxt2rdacontent asin mediaciónbn2rdamedia avolumenbn2rdacarrier aCiclo de Conferencias Pensamiento Dominicano;v5 aIncluye datos biográficos del autor en la contracubierta 4aPresidenteszRepública DominicanavBiografía 4aRepública DominicanaxHistoriay1882-1889